Μύθοι της ανάπτυξης στούς τροπικούς : οικογεωγραφία

Αποθηκεύτηκε σε:
Λεπτομέρειες βιβλιογραφικής εγγραφής
Κύριος συγγραφέας: Μοδινός, Μιχάλης, 1950-
Μορφή: Βιβλίο
Γλώσσα:Greek
Δημοσίευση: Αθήνα : Στοχαστής, 1986
Έκδοση:2η έκδ.
Σειρά:Οικολογία
Θέματα:
Ετικέτες: Προσθήκη ετικέτας
Δεν υπάρχουν, Καταχωρήστε ετικέτα πρώτοι!

MARC

LEADER 00000nam a2200000 i 4500
001 1/67229
008 931027s1986 gre d
035 |a ΛΕΣΒΟΣb10001861  |l 10001861 
040 |a GR-MY-UA  |b gre  |e aacr 
041 0 |a gre 
082 0 |a 304.2 
100 1 |a Μοδινός, Μιχάλης,   |d 1950- 
245 1 0 |a Μύθοι της ανάπτυξης στούς τροπικούς :  |b οικογεωγραφία /  |c Μιχάλης Μοδινός 
250 |a 2η έκδ. 
260 |a Αθήνα :   |b Στοχαστής,   |c 1986 
300 |a 215 σ. 
490 1 |a Οικολογία 
650 0 0 |a Human ecology. 
650 0 0 |a Ecology. 
650 0 0 |a Geography. 
650 0 0 |a Human geography. 
830 0 |a Οικολογία 
852 |a INST  |b LESVOS  |e 19931027  |h 304.2 ΜΟΔ  |p 005100006567  |q 005100006567  |t BK  |y 0 
909 |a Λ  |b 018010